|
|
|
|
| LEADER |
01654nam a2200385 a 4500 |
| 001 |
EBC1741621 |
| 003 |
MiAaPQ |
| 005 |
20200520144314.0 |
| 006 |
m o d | |
| 007 |
cr cn||||||||| |
| 008 |
130207s2006 enkad sb 001 0 eng d |
| 020 |
|
|
|z 1874719551
|
| 020 |
|
|
|z 9781874719557
|
| 020 |
|
|
|a 9781909493636 (electronic bk.)
|
| 035 |
|
|
|a (MiAaPQ)EBC1741621
|
| 035 |
|
|
|a (Au-PeEL)EBL1741621
|
| 035 |
|
|
|a (CaPaEBR)ebr10650138
|
| 035 |
|
|
|a (OCoLC)836872585
|
| 040 |
|
|
|a MiAaPQ
|c MiAaPQ
|d MiAaPQ
|
| 043 |
|
|
|a f------
|
| 050 |
|
4 |
|a HD60.5.A35
|b C67 2006
|
| 245 |
0 |
0 |
|a Corporate citizenship in Africa
|h [electronic resource] :
|b lessons from the past, paths to the future /
|c edited by Wayne Visser, Malcolm McIntosh and Charlotte Middleton.
|
| 260 |
|
|
|a Sheffield :
|b Greenleaf Pub.,
|c 2006.
|
| 300 |
|
|
|a 285 p. :
|b ill.
|
| 504 |
|
|
|a Includes bibliographical references and index.
|
| 505 |
0 |
|
|a pt. I. Introduction and overview -- pt. II. Leadership and governance -- pt. III. Community and environment -- pt. IV. Health and HIV/Aids -- pt. V. Supply chain and SMEs -- pt. VII. Globalisation and conclusion.
|
| 533 |
|
|
|a Electronic reproduction. Ann Arbor, MI : ProQuest, 2015. Available via World Wide Web. Access may be limited to ProQuest affiliated libraries.
|
| 650 |
|
0 |
|a Social responsibility of business
|z Africa.
|
| 651 |
|
0 |
|a Africa
|x Economic conditions.
|
| 655 |
|
4 |
|a Electronic books.
|
| 700 |
1 |
|
|a Visser, Wayne.
|
| 700 |
1 |
|
|a McIntosh, Malcolm.
|
| 700 |
1 |
|
|a Middleton, Charlotte.
|
| 710 |
2 |
|
|a ProQuest (Firm)
|
| 856 |
4 |
0 |
|u https://ebookcentral.proquest.com/lib/matrademy/detail.action?docID=1741621
|z Click to View
|